[Event "Copenhagen K41 Aabent-ch 0506"]
[Site "Copenhagen"]
[Date "2006.01.31"]
[Round "7"]
[White "Rubin, Jacob"]
[Black "Katzmann, Svend Aage"]
[Result "1/2-1/2"]
[WhiteElo "1745"]
[BlackElo "1388"]
[PlyCount "112"]
[EventDate "2005.11.15"]
[EventType "swiss"]
[EventRounds "9"]
[EventCountry "DEN"]
[SourceTitle "EXT 2023"]
[Source "ChessBase"]
[SourceDate "2022.10.05"]
[SourceVersion "1"]
[SourceVersionDate "2022.10.05"]
[SourceQuality "1"]

1. Nf3 d5 2. d4 Nf6 3. e3 Bg4 4. Be2 Nbd7 5. h3 Bh5 6. Nbd2 e6 7. a3 c6 8. c4 Bd6 9. c5 Bc7 10. b4 b6 11. Qa4 b5 12. Qd1 a5 13. Bb2 axb4 14. axb4 Rxa1 15. Qxa1 0-0 16. Bd3 Bg6 17. Bxg6 hxg6 18. 0-0 Qa8 19. Qc1 Qb7 20. Ne5 Nxe5 21. dxe5 Nd7 22. Nf3 Ra8 23. Rd1 Ra4 24. Qc3 Qa8 25. e4 Nf8 26. exd5 exd5 27. Ng5 Ne6 28. Nxe6 fxe6 29. Rd3 Qe8 30. Rg3 Ra8 31. Qf3 Qf7 32. Bd4 Qf5 33. Qe2 Qb1+ 34. Kh2 Rf8 35. Qg4 Qf5 36. Qxg6 Qxg6 37. Rxg6 Kf7 38. Rg4 Kg8 39. f4 Ra8 40. Rg3 Kh7 41. Rb3 Ra2 42. Rb2 Rxb2 43. Bxb2 Bd8 44. Kg3 Kg6 45. Kg4 Kf7 46. h4 g6 47. Bd4 Be7 48. Kh3 Bf8 49. g4 Bh6 50. Kg3 Bf8 51. Kf3 Bh6 52. Be3 Bg7 53. g5 Kg8 54. Kg4 Kf7 55. Bd4 Bf8 56. h5 Be7 1/2-1/2

[Event "Copenhagen K41 Aabent-ch 0506"]
[Site "Copenhagen"]
[Date "2006.01.24"]
[Round "6"]
[White "Katzmann, Svend Aage"]
[Black "Frederiksen, Alan"]
[Result "1-0"]
[WhiteElo "1388"]
[BlackElo "1539"]
[PlyCount "81"]
[EventDate "2005.11.15"]
[EventType "swiss"]
[EventRounds "9"]
[EventCountry "DEN"]
[SourceTitle "EXT 2023"]
[Source "ChessBase"]
[SourceDate "2022.10.05"]
[SourceVersion "1"]
[SourceVersionDate "2022.10.05"]
[SourceQuality "1"]

1. d4 d5 2. c4 e6 3. Nf3 Nf6 4. Nc3 Be7 5. e3 0-0 6. Bd3 c6 7. 0-0 dxc4 8. Bxc4 b5 9. Bd3 Bb7 10. Re1 a6 11. b3 c5 12. dxc5 Bxc5 13. Be2 Nbd7 14. Bb2 Rc8 15. Rc1 Qb6 16. Bf1 Rfd8 17. Nd4 Ne5 18. Qe2 Ng6 19. Rcd1 Bb4 20. Rc1 e5 21. Nf3 e4 22. Nd4 Qd6 23. Red1 Qe7 24. Nf5 Qe6 25. Rxd8+ Rxd8 26. Nd4 Qd7 27. f4 exf3 28. gxf3 Re8 29. Qf2 Qe7 30. Nd1 Nd5 31. e4 Ndf4 32. Ne3 Ne5 33. Ndf5 Qg5+ 34. Qg3 Qxg3+ 35. hxg3 Nfd3 36. Rc7 Nxf3+ 37. Kg2 Nxb2 38. Rxb7 Ne5 39. Nd5 Bf8 40. Nh6+ gxh6 41. Nf6+ 1-0

[Event "Copenhagen K41 Aabent-ch 0506"]
[Site "Copenhagen"]
[Date "2006.01.03"]
[Round "4"]
[White "Katzmann, Svend Aage"]
[Black "Nielsen, Jorgen Kamp"]
[Result "1/2-1/2"]
[WhiteElo "1388"]
[BlackElo "1609"]
[PlyCount "120"]
[EventDate "2005.11.15"]
[EventType "swiss"]
[EventRounds "9"]
[EventCountry "DEN"]
[SourceTitle "EXT 2023"]
[Source "ChessBase"]
[SourceDate "2022.10.05"]
[SourceVersion "1"]
[SourceVersionDate "2022.10.05"]
[SourceQuality "1"]

1. d4 Nf6 2. Nf3 g6 3. c3 Bg7 4. g3 d6 5. Bg2 Nc6 6. 0-0 Bf5 7. Nbd2 e5 8. Nh4 Be6 9. e3 0-0 10. b3 Rb8 11. Bb2 Ne7 12. c4 exd4 13. exd4 d5 14. h3 Qd7 15. Kh2 c5 16. Nhf3 Nc6 17. Ne5 Nxe5 18. dxe5 Ne8 19. cxd5 Bxd5 20. Bxd5 Qxd5 21. Nc4 Qe6 22. f4 b5 23. Ne3 f6 24. Qd5 Qxd5 25. Nxd5 Rd8 26. exf6 Nxf6 27. Nxf6+ Bxf6 28. Bxf6 Rxf6 29. Rf2 Rfd6 30. Re1 Rd2 31. Ree2 Rxe2 32. Rxe2 Kf7 33. Kg2 c4 34. bxc4 bxc4 35. Rc2 Rd4 36. Kf3 Ke6 37. Rc3 Kd5 38. g4 Rd2 39. Ra3 Kd4 40. Rxa7 Rd3+ 41. Ke2 Rxh3 42. f5 gxf5 43. gxf5 Re3+ 44. Kf2 Re5 45. Rxh7 Rxf5+ 46. Ke2 Ra5 47. Rd7+ Kc3 48. Rd2 Rb5 49. a4 Ra5 50. Rd8 Rxa4 51. Rb8 Ra2+ 52. Kd1 Ra1+ 53. Ke2 Kc2 54. Rb7 c3 55. Rb8 Rb1 56. Ra8 Rb4 57. Rc8 Kb2 58. Kd3 Rb3 59. Rc7 c2+ 60. Kd2 c1Q+ 1/2-1/2

[Event "Copenhagen K41 Aabent-ch 0506"]
[Site "Copenhagen"]
[Date "2005.11.11"]
[Round "1"]
[White "Katzmann, Svend Aage"]
[Black "Madsen, Poul Henrik"]
[Result "0-1"]
[WhiteElo "1388"]
[BlackElo "2026"]
[PlyCount "48"]
[EventDate "2005.11.15"]
[EventType "swiss"]
[EventRounds "9"]
[EventCountry "DEN"]
[SourceTitle "EXT 2023"]
[Source "ChessBase"]
[SourceDate "2022.10.05"]
[SourceVersion "1"]
[SourceVersionDate "2022.10.05"]
[SourceQuality "1"]

1. d4 d5 2. c4 c6 3. e3 e6 4. Nf3 f5 5. a3 Nf6 6. Nc3 Bd6 7. Be2 0-0 8. Ne5 Nbd7 9. 0-0 Nxe5 10. dxe5 Bxe5 11. Qc2 Ne4 12. Nxe4 fxe4 13. Bd2 Bd7 14. f4 exf3 15. Rxf3 Rxf3 16. Bxf3 Qh4 17. Be1 Qxh2+ 18. Kf1 Rf8 19. Rc1 Be8 20. Bf2 Bg6 21. Qe2 Bg3 22. Ke1 Bxf2+ 23. Qxf2 e5 24. cxd5 e4 0-1